01516cam a22003854i 4500003000900000005001700009008004100026020001500067020001800082035002000100040003300120082001700153100003200170245011900202264004000321300004100361336002100402337002500423338002300448504003100471505048900502526001000991526001001001526001001011526001001021526000801031526000801039526000801047526000801055526000801063526000801071526000801079650002401087650001901111PE-LiUPU20250731173109.0181213s2018 tnu r 001 0 eng d a1540960641 a9781540960641 a(Sirsi) a251043 aPE-LiUPUbspacPE-LiUPUerda04a286bH532231 aHildreth, D. Scott,eautor.10aTogether on God's mission :bhow Southern Baptists cooperate to fulfill the Great Commission /cD. Scott Hildreth. 1aNashville :bB&H Academic,c[2018]. axv, 94 páginas ;c23 centímetros atext2rdacontent aunmediated2rdamedia avolume2rdacarrier aÍndice: páginas 89-94.0 aThe historical development of the Southern Baptist Convention -- From Missionary Society to a Convention of Churches -- The SBC Adopts a Cooperative Identity -- How Southern Baptists cooperate on mission -- God's Mission and the Mission of His People -- Our God is a Missionary God -- God's Mission and God's People -- The Early Church and Its Cooperative Mission -- Southern Baptists: A People Pursuing God's Mission -- A Proposal for Southern Baptist cooperation -- Study questions. aSEG42 aSEG41 aSEG40 aSEG39 aP94 aP87 aP86 aP85 aP77 aP76 aP35 4aObra evangelistica. 4aGran comision.